| 000 | 01281nam a22002775a 4500 | ||
|---|---|---|---|
| 003 | OSt | ||
| 005 | 20161218111423.0 | ||
| 008 | 161218s2015 ua frb 000 0 ara d | ||
| 015 | _a2014/25916 | ||
| 020 | _a9789770476949 | ||
| 040 |
_aEG-ScBUE _bara _cEG-ScBUE |
||
| 043 |
_af-ua--- _ae-fr--- |
||
| 082 | 0 | 4 |
_a346.048 _bم ص ر _222 |
| 100 | 1 | _aمصري، سعد السعيد. | |
| 245 | 1 | 2 |
_aالنظام القانوني لبرامج المعلوماتية كأحد تطبيقات الملكية الفكرية : _bدراسة مقارنة / _cسعد السعيد المصري. |
| 260 |
_aالقاهرة : _bدار النهضة العربية، _c2015. |
||
| 300 |
_a580 ص. ؛ _c24 سم. |
||
| 504 | _aيشتمل على إرجاعات ببليوجرافية. | ||
| 650 | 7 |
_aالحاسبات الإلكترونية _xبرامج _xقوانين وتشريعات _zمصر. _2BUEsh |
|
| 650 | 7 |
_aحقوق التأليف والنشر _xقوانين وتشريعات _zمصر. _2BUEsh _941044 |
|
| 650 | 7 |
_aالحاسبات الإلكترونية _xبرامج _xقوانين وتشريعات _zفرنسا. _2BUEsh |
|
| 650 | 7 |
_aحقوق التأليف والنشر _xقوانين وتشريعات _zفرنسا. _2BUEsh |
|
| 651 | _2BUEsh | ||
| 653 |
_bLLAAWW _cDecember2016 |
||
| 942 | _2ddc | ||
| 999 |
_c23609 _d23581 |
||